<?xml version="1.0" encoding="UTF-8"?>
<collection xmlns="http://www.loc.gov/MARC21/slim">
 <record>
  <leader>01188cam a2200289   4500</leader>
  <controlfield tag="001">1463534310</controlfield>
  <controlfield tag="003">DE-627</controlfield>
  <controlfield tag="005">20181227152038.0</controlfield>
  <controlfield tag="007">tu</controlfield>
  <controlfield tag="008">130916s1968    xx |||||      00| ||ger c</controlfield>
  <datafield tag="035" ind1=" " ind2=" ">
   <subfield code="a">(DE-627)1463534310</subfield>
  </datafield>
  <datafield tag="035" ind1=" " ind2=" ">
   <subfield code="a">(DE-576)393534316</subfield>
  </datafield>
  <datafield tag="035" ind1=" " ind2=" ">
   <subfield code="a">(DE-599)BSZ393534316</subfield>
  </datafield>
  <datafield tag="035" ind1=" " ind2=" ">
   <subfield code="a">(OCoLC)1078721840</subfield>
  </datafield>
  <datafield tag="040" ind1=" " ind2=" ">
   <subfield code="a">DE-627</subfield>
   <subfield code="b">ger</subfield>
   <subfield code="c">DE-627</subfield>
   <subfield code="e">rakwb</subfield>
  </datafield>
  <datafield tag="041" ind1=" " ind2=" ">
   <subfield code="a">ger</subfield>
  </datafield>
  <datafield tag="245" ind1="1" ind2="0">
   <subfield code="a">Fränkische Handzeichnungen 1470-1550 aus der Universitäts-Bibliothek Erlangen von Wolgemut, Dürer, Süss, Penz, Schäufelein</subfield>
   <subfield code="b">zur Universitäts-Woche vom 22. bis 28. Januar 1968</subfield>
   <subfield code="c">[Text: Johannes Bischoff]</subfield>
  </datafield>
  <datafield tag="264" ind1=" " ind2="1">
   <subfield code="a">Erlangen</subfield>
   <subfield code="b">Stadtmuseum</subfield>
   <subfield code="c">[1968]</subfield>
  </datafield>
  <datafield tag="300" ind1=" " ind2=" ">
   <subfield code="a">[2] Bl.</subfield>
  </datafield>
  <datafield tag="336" ind1=" " ind2=" ">
   <subfield code="a">Text</subfield>
   <subfield code="b">txt</subfield>
   <subfield code="2">rdacontent</subfield>
  </datafield>
  <datafield tag="337" ind1=" " ind2=" ">
   <subfield code="a">ohne Hilfsmittel zu benutzen</subfield>
   <subfield code="b">n</subfield>
   <subfield code="2">rdamedia</subfield>
  </datafield>
  <datafield tag="338" ind1=" " ind2=" ">
   <subfield code="a">Band</subfield>
   <subfield code="b">nc</subfield>
   <subfield code="2">rdacarrier</subfield>
  </datafield>
  <datafield tag="490" ind1="1" ind2=" ">
   <subfield code="a">Ausstellungskatalog / Stadtmuseum Erlangen</subfield>
   <subfield code="v">11</subfield>
  </datafield>
  <datafield tag="700" ind1="1" ind2=" ">
   <subfield code="a">Bischoff, Johannes E.</subfield>
   <subfield code="d">1913-2004</subfield>
   <subfield code="e">Bearb.</subfield>
   <subfield code="0">(DE-588)129727105</subfield>
   <subfield code="0">(DE-627)478565534</subfield>
   <subfield code="0">(DE-576)216642515</subfield>
   <subfield code="4">adp</subfield>
  </datafield>
  <datafield tag="810" ind1="2" ind2=" ">
   <subfield code="a">Stadtarchiv und Stadtmuseum</subfield>
   <subfield code="g">Erlangen</subfield>
   <subfield code="t">Ausstellungskatalog</subfield>
   <subfield code="v"> 11</subfield>
   <subfield code="9">11</subfield>
   <subfield code="w">(DE-627)166646652</subfield>
   <subfield code="w">(DE-576)088451615</subfield>
   <subfield code="w">(DE-600)238276-3</subfield>
  </datafield>
  <datafield tag="951" ind1=" " ind2=" ">
   <subfield code="a">BO</subfield>
  </datafield>
  <datafield tag="999" ind1=" " ind2=" ">
   <subfield code="a">KXP-PPN1463534310</subfield>
   <subfield code="e">2932921975</subfield>
  </datafield>
 </record>
</collection>
